[Event "Quenza op 14th"]
[Site "Quenza"]
[Date "2025.07.06"]
[Round "9"]
[White "Calistri, Tristan"]
[Black "Chen, Muxi"]
[Result "1-0"]
[WhiteElo "2198"]
[BlackElo "2224"]
[PlyCount "79"]
[EventDate "2025.07.06"]
[EventType "swiss (blitz)"]
[EventRounds "9"]
[EventCountry "FRA"]
[SourceTitle "CB29_2025"]
[SourceDate "2025.07.16"]
[SourceVersion "1"]
[SourceVersionDate "2025.07.16"]
[SourceQuality "1"]

1. e4 c5 2. Nc3 Nc6 3. Nge2 g6 4. d4 cxd4 5. Nxd4 Bg7 6. Be3 Nf6 7. Bc4 Qa5 8. 0-0 0-0 9. Bb3 d6 10. h3 Bd7 11. Re1 Rac8 12. Qe2 Nxd4 13. Bxd4 b5 14. Rad1 b4 15. Nd5 Nxd5 16. exd5 Bxd4 17. Rxd4 Qc5 18. Qd2 a5 19. Rxe7 Bf5 20. g4 a4 21. Bxa4 Bxc2 22. Bxc2 Qxc2 23. Qxc2 Rxc2 24. Rxb4 Rd2 25. Rb5 Kg7 26. a4 Kf6 27. Re3 Rc8 28. a5 Rd1+ 29. Kg2 Ra1 30. b4 Rc4 31. Rb6 Kg7 32. a6 Rc2 33. b5 Rc5 34. Rb7 Rxd5 35. a7 Rd2 36. b6 Rb2 37. Rf3 Kh6 38. h4 f5 39. g5+ Kh5 40. Rf4 1-0

[Event "Quenza op 14th"]
[Site "Quenza"]
[Date "2025.07.06"]
[Round "7"]
[White "Cardi, Jean"]
[Black "Calistri, Tristan"]
[Result "1/2-1/2"]
[WhiteElo "1976"]
[BlackElo "2198"]
[PlyCount "122"]
[EventDate "2025.07.06"]
[EventType "swiss (blitz)"]
[EventRounds "9"]
[EventCountry "FRA"]
[SourceTitle "CB29_2025"]
[SourceDate "2025.07.16"]
[SourceVersion "1"]
[SourceVersionDate "2025.07.16"]
[SourceQuality "1"]

1. e4 c5 2. Nf3 e6 3. c3 Nf6 4. e5 Nd5 5. g3 Nc6 6. Bg2 d6 7. exd6 Bxd6 8. 0-0 0-0 9. d4 cxd4 10. Nxd4 Nxd4 11. Qxd4 Qc7 12. Nd2 Bd7 13. Ne4 Be5 14. Qd3 Bc6 15. Ng5 Nf6 16. Nf3 Rad8 17. Qe2 Bd6 18. Bg5 Be7 19. Rfd1 h6 20. Bf4 Qb6 21. a4 Rxd1+ 22. Rxd1 Bxa4 23. Rd4 Bc6 24. Ne5 Bxg2 25. Kxg2 Rd8 26. Rxd8+ Qxd8 27. Qb5 Qd5+ 28. Qxd5 Nxd5 29. Bd2 b5 30. b4 Bf6 31. Nc6 a6 32. Nb8 Bxc3 33. Bxc3 Nxc3 34. Nxa6 Nd5 35. Kf3 f5 36. Ke2 Kf7 37. f4 e5 38. Kd3 exf4 39. gxf4 Nxf4+ 40. Kd4 Ne6+ 41. Ke5 f4 42. Ke4 g5 43. Nb8 Ke7 44. Nc6+ Kd6 45. Ne5 Nc7 46. Nf7+ Ke6 47. Nxh6 Nd5 48. Ng4 Nxb4 49. Ne5 Nd5 50. Nd3 b4 51. h3 b3 52. Nc5+ Kf6 53. Nxb3 Nc3+ 54. Kd3 Nd5 55. Ke4 Ne3 56. Nd4 Nf1 57. h4 Ng3+ 58. Kf3 Ke5 59. hxg5 Nh5 60. Ne2 Kf5 61. g6 Kxg6 1/2-1/2

[Event "Purtichju op 10th"]
[Site "Porticcio"]
[Date "2025.06.29"]
[Round "2"]
[White "Calistri, Tristan"]
[Black "Carnicelli, Valerio"]
[Result "0-1"]
[WhiteElo "2198"]
[BlackElo "2396"]
[PlyCount "130"]
[EventDate "2025.06.28"]
[EventType "swiss"]
[EventRounds "9"]
[EventCountry "FRA"]
[SourceTitle "CB29_2025"]
[SourceDate "2025.07.16"]
[SourceVersion "1"]
[SourceVersionDate "2025.07.16"]
[SourceQuality "1"]

1. e4 d6 2. d4 Nf6 3. Nc3 e5 4. Nf3 Nbd7 5. Bc4 Be7 6. a4 0-0 7. 0-0 c6 8. Re1 h6 9. b3 Re8 10. Bb2 Qc7 11. h3 Nf8 12. Bd3 Ng6 13. Ne2 Bf8 14. Ng3 Be6 15. c4 c5 16. dxe5 dxe5 17. Qc2 Nd7 18. Nf5 Nb8 19. Ne3 Nc6 20. Nd5 Qd7 21. Bf1 Nd4 22. Qd1 Rad8 23. Nh2 Be7 24. Ng4 Bg5 25. Bc1 Bxg4 26. hxg4 Bxc1 27. Rxc1 Nf4 28. Re3 Qd6 29. g3 Nfe6 30. Bg2 Nc6 31. Rd3 Ned4 32. Qd2 Qg6 33. f3 Qg5 34. Qxg5 hxg5 35. Kf2 f6 36. Rb1 a5 37. Rb2 Kf7 38. Rd1 Rh8 39. Rdd2 Nb4 40. Ne3 g6 41. Rd1 Ke7 42. Rdd2 Ne6 43. Nd5+ Nxd5 44. cxd5 Nd4 45. Bf1 Rh2+ 46. Ke3 Rh1 47. Rf2 Rg1 48. Bg2 Kd6 49. Rf1 Rxf1 50. Bxf1 Rh8 51. Bg2 Rh2 52. Kf2 b6 53. Rb1 Kd7 54. Kg1 Rh8 55. Kf2 Kc7 56. Bf1 Kd6 57. Kg2 f5 58. gxf5 gxf5 59. Bd3 f4 60. g4 Rh7 61. Bc4 Nc2 62. Rh1 Ne3+ 63. Kg1 Rxh1+ 64. Kxh1 Nxc4 65. bxc4 b5 0-1

[Event "French Blitz op"]
[Site "Saint Maur des Fosses"]
[Date "2024.06.16"]
[Round "5"]
[White "Velten, Paul"]
[Black "Calistri, Tristan"]
[Result "1-0"]
[WhiteElo "2504"]
[BlackElo "2201"]
[PlyCount "53"]
[EventDate "2024.06.16"]
[EventType "swiss (blitz)"]
[EventRounds "13"]
[EventCountry "FRA"]
[SourceTitle "CBM 220 Extra"]
[Source "ChessBase"]
[SourceDate "2024.07.31"]
[SourceVersion "1"]
[SourceVersionDate "2024.07.31"]
[SourceQuality "1"]

1. d4 g6 2. c4 Bg7 3. Nf3 d6 4. Nc3 Nf6 5. e4 0-0 6. Be2 e5 7. d5 a5 8. Be3 Ng4 9. Bg5 f6 10. Bh4 h5 11. h3 Nh6 12. Nd2 Na6 13. a3 c5 14. Qc2 Nf7 15. 0-0-0 Bh6 16. Kb1 Bd7 17. Rhg1 Qe7 18. g4 hxg4 19. Bxg4 Bxg4 20. Rxg4 Kh7 21. Rdg1 Rg8 22. Nf1 Bg5 23. Bxg5 Nxg5 24. Qe2 Nc7 25. Ne3 Nf7 26. Rh4+ Kg7 27. Nf5+ 1-0

[Event "Titled Tuesday intern op1 4th Febr"]
[Site "Chess.com INT"]
[Date "2020.02.04"]
[Round "9"]
[White "Calistri, Tristan"]
[Black "Mekhitarian, Krikor Sevag"]
[Result "0-1"]
[WhiteElo "2277"]
[BlackElo "2558"]
[PlyCount "100"]
[EventDate "2020.02.04"]
[EventType "swiss (blitz)"]
[EventRounds "10"]
[EventCountry "USA"]
[SourceTitle "EXT 2021"]
[Source "ChessBase"]
[SourceDate "2020.10.23"]
[SourceVersion "1"]
[SourceVersionDate "2020.10.23"]
[SourceQuality "1"]

1. e4 c5 2. Nf3 g6 3. Nc3 Nc6 4. Bc4 Bg7 5. 0-0 d6 6. d3 e6 7. Be3 Nd4 8. Nb5 Nxf3+ 9. Qxf3 Ne7 10. Nc3 0-0 11. Rab1 a6 12. a3 Nc6 13. Ba2 Rb8 14. Ne2 b5 15. c3 Bb7 16. Qg3 Rc8 17. Qh3 Qe7 18. Bh6 Rcd8 19. Ng3 a5 20. Rbe1 b4 21. axb4 axb4 22. f4 bxc3 23. bxc3 Bxc3 24. e5 dxe5 25. fxe5 Bxe1 26. Rxe1 Nb4 27. Bc4 Nxd3 28. Re3 Nb2 29. Be2 c4 30. Qg4 Qc5 31. Nh5 f5 32. Qg5 Qc7 33. Nf6+ Kh8 34. h4 c3 35. Kh2 c2 36. h5 c1Q 37. hxg6 hxg6 38. Qxg6 Qxe3 39. Bxe3 Rf7 40. Bh6 Be4 41. Bh5 Rg7 42. Bxg7+ Qxg7 43. Qxg7+ Kxg7 44. Ne8+ Rxe8 45. Bxe8 Nd3 46. Bd7 Kf7 47. g4 fxg4 48. Kg3 Nxe5 49. Bc8 Bf5 50. Kf4 Kf6 0-1

[Event "Titled Tuesday intern op1 4th Febr"]
[Site "Chess.com INT"]
[Date "2020.02.04"]
[Round "2"]
[White "Calistri, Tristan"]
[Black "Ovetchkin, Roman"]
[Result "0-1"]
[WhiteElo "2277"]
[BlackElo "2518"]
[PlyCount "76"]
[EventDate "2020.02.04"]
[EventType "swiss (blitz)"]
[EventRounds "10"]
[EventCountry "USA"]
[SourceTitle "EXT 2021"]
[Source "ChessBase"]
[SourceDate "2020.10.23"]
[SourceVersion "1"]
[SourceVersionDate "2020.10.23"]
[SourceQuality "1"]

1. e4 c6 2. Nf3 d5 3. Nc3 Nf6 4. e5 Ne4 5. Ne2 Qb6 6. d4 e6 7. Ng3 c5 8. Bd3 Nxg3 9. fxg3 cxd4 10. 0-0 Nc6 11. a3 Be7 12. b4 a6 13. Bf4 Bd7 14. Qe2 0-0 15. g4 f6 16. g5 f5 17. Qf2 Rac8 18. g6 hxg6 19. Qg3 Kf7 20. Nh4 Bxh4 21. Qxh4 Rh8 22. Qg3 Nd8 23. Bg5 Bb5 24. h4 Bxd3 25. cxd3 Rc3 26. Bxd8 Rxd8 27. h5 gxh5 28. Qg5 Rh8 29. Rxf5+ exf5 30. Qxf5+ Kg8 31. Rf1 Rh6 32. Qf7+ Kh7 33. Rf6 Rxf6 34. exf6 Qxf6 35. Qxh5+ Qh6 36. Qf5+ Qg6 37. Qh3+ Kg8 38. Qe6+ Qxe6 0-1

[Event "Titled Tuesday intern op 4th June"]
[Site "Chess.com INT"]
[Date "2019.06.04"]
[Round "9"]
[White "Kretchetov, Alexandre"]
[Black "Calistri, Tristan"]
[Result "0-1"]
[WhiteElo "2216"]
[BlackElo "2287"]
[PlyCount "38"]
[EventDate "2019.06.04"]
[EventType "swiss (blitz)"]
[EventRounds "10"]
[EventCountry "USA"]
[SourceTitle "EXT 2021"]
[Source "ChessBase"]
[SourceDate "2020.10.23"]
[SourceVersion "1"]
[SourceVersionDate "2020.10.23"]
[SourceQuality "1"]

1. Nf3 Nf6 2. c4 b6 3. d4 Bb7 4. d5 e6 5. Nc3 Bb4 6. dxe6 fxe6 7. Qb3 Nc6 8. a3 Bc5 9. e3 0-0 10. Be2 Ne7 11. 0-0 Nf5 12. Qd1 a5 13. b3 Qe8 14. Bb2 Qg6 15. Kh1 Ng4 16. Na4 Ngxe3 17. fxe3 Nxe3 18. Rg1 Nxd1 19. Raxd1 Bxg1 0-1

[Event "Titled Tuesday intern op 2nd Febr"]
[Site "Chess.com INT"]
[Date "2019.02.05"]
[Round "9"]
[White "Calistri, Tristan"]
[Black "Ongut, Tamas Gunes"]
[Result "1-0"]
[WhiteElo "2290"]
[BlackElo "2214"]
[PlyCount "117"]
[EventDate "2019.02.05"]
[EventType "swiss (blitz)"]
[EventRounds "10"]
[EventCountry "USA"]
[SourceTitle "EXT 2021"]
[Source "ChessBase"]
[SourceDate "2020.10.23"]
[SourceVersion "1"]
[SourceVersionDate "2020.10.23"]
[SourceQuality "1"]

1. e4 e5 2. Nf3 Nc6 3. Bc4 Nf6 4. d3 h6 5. c3 d6 6. 0-0 g5 7. Ne1 Bg7 8. Be3 0-0 9. Nd2 d5 10. exd5 Nxd5 11. Nc2 Nb6 12. Bb5 Be6 13. d4 exd4 14. cxd4 Ne7 15. Ne4 c6 16. Be2 Bc4 17. Nc5 Bxe2 18. Qxe2 Qc7 19. f4 Ned5 20. fxg5 Rfe8 21. Qd3 Nxe3 22. Nxe3 hxg5 23. Nf5 Nd5 24. Qh3 b6 25. Nd3 Re3 26. Nxe3 Bxd4 27. Rae1 Re8 28. Rf3 Qe7 29. Kh1 Bxe3 30. Qg4 f6 31. h4 Qh7 32. Rh3 Qxd3 33. hxg5 fxg5 34. Qh5 Re7 35. Qh8+ Kf7 36. Rh7+ Ke6 37. Qc8+ Kd6 38. Rh6+ Kc5 39. Qxc6+ Kd4 40. Rh3 Nf4 41. Qa4+ Kd5 42. Rd1 Bd2 43. Rxd3+ Nxd3 44. Rxd2 Re3 45. Qa3 Ke4 46. Rxd3 Rxd3 47. Qxa7 g4 48. Qe7+ Kd4 49. Qf6+ Kc4 50. g3 Rxg3 51. Qxb6 Rd3 52. Qc6+ Kd4 53. Qd6+ Ke3 54. Qg3+ Kd2 55. Qxg4 Kc2 56. Qc4+ Kd2 57. a4 Re3 58. Qc3+ Rxc3 59. bxc3 1-0

[Event "FRA-ch Accession"]
[Site "Nimes"]
[Date "2018.08.19"]
[Round "2"]
[White "Barseghyan, Harutyun"]
[Black "Calistri, Tristan"]
[Result "1-0"]
[WhiteElo "2474"]
[BlackElo "2303"]
[PlyCount "52"]
[EventDate "2018.08.18"]
[EventType "swiss"]
[EventRounds "9"]
[EventCountry "FRA"]
[SourceTitle "CBM 186 Extra"]
[Source "ChessBase"]
[SourceDate "2018.08.24"]
[SourceVersion "1"]
[SourceVersionDate "2018.08.24"]
[SourceQuality "1"]

1. d4 Nf6 2. c4 g6 3. Nc3 Bg7 4. e4 d6 5. Nf3 0-0 6. Be2 e5 7. 0-0 Nc6 8. d5 Ne7 9. Ne1 Nd7 10. Be3 f5 11. f3 f4 12. Bf2 g5 13. Rc1 Ng6 14. c5 Nxc5 15. b4 Na6 16. Nb5 h5 17. Nxa7 Bd7 18. Bxa6 bxa6 19. Qc2 Rf7 20. Qxc7 Qf8 21. Qb6 g4 22. Qxa6 g3 23. Bb6 Qe7 24. h3 Bb5 25. Qxb5 Rxa7 26. a4 Qf8 1-0

[Event "FRA-ch Accession"]
[Site "Agen"]
[Date "2017.08.24"]
[Round "6"]
[White "Calistri, Tristan"]
[Black "Coiffait, Pierre Basile"]
[Result "1-0"]
[WhiteElo "2293"]
[BlackElo "2230"]
[PlyCount "71"]
[EventDate "2017.08.19"]
[EventType "swiss"]
[EventRounds "9"]
[EventCountry "FRA"]
[SourceTitle "EXT 2019"]
[Source "ChessBase"]
[SourceDate "2018.10.10"]
[SourceVersion "1"]
[SourceVersionDate "2018.10.10"]
[SourceQuality "1"]

1. e4 e5 2. Nf3 Nc6 3. Bb5 a6 4. Ba4 g6 5. 0-0 Bg7 6. c3 Nge7 7. d4 exd4 8. cxd4 b5 9. Bb3 d6 10. Nc3 0-0 11. h3 Na5 12. Bc2 c5 13. Bg5 h6 14. Bh4 g5 15. Bg3 Nc4 16. b3 Na3 17. Bd3 cxd4 18. Ne2 Qb6 19. e5 dxe5 20. Bxe5 Bxe5 21. Nxe5 Bb7 22. Ng3 Qd6 23. Re1 f5 24. Qh5 f4 25. Nf1 Bc8 26. Nh2 Bf5 27. Nhg4 Kg7 28. Rac1 Bxd3 29. Nxd3 Nf5 30. Rc5 Rac8 31. Rxf5 Rxf5 32. Nxh6 Rf6 33. Qxg5+ Kh7 34. Nf5 Qf8 35. Re7+ Kh8 36. Qh4+ 1-0

[Event "FRA-ch Accession"]
[Site "Agen"]
[Date "2017.08.19"]
[Round "4"]
[White "Calistri, Tristan"]
[Black "Hutois, Mickael"]
[Result "1/2-1/2"]
[WhiteElo "2293"]
[BlackElo "2207"]
[PlyCount "81"]
[EventDate "2017.08.19"]
[EventType "swiss"]
[EventRounds "9"]
[EventCountry "FRA"]
[SourceTitle "EXT 2019"]
[Source "ChessBase"]
[SourceDate "2018.10.10"]
[SourceVersion "1"]
[SourceVersionDate "2018.10.10"]
[SourceQuality "1"]

1. e4 e5 2. Nf3 Nc6 3. Bb5 a6 4. Ba4 Nf6 5. 0-0 Be7 6. Re1 b5 7. Bb3 0-0 8. c3 d5 9. exd5 Nxd5 10. Nxe5 Nxe5 11. Rxe5 c6 12. d3 Bd6 13. Re1 Qh4 14. g3 Qh3 15. Re4 Bd7 16. Nd2 g5 17. Qf1 Qh5 18. Bd1 Qg6 19. Nf3 f5 20. Ne5 Bxe5 21. Rxe5 Rae8 22. Rxe8 Rxe8 23. Bd2 f4 24. Bf3 g4 25. Bxd5+ cxd5 26. Bxf4 Bf5 27. Re1 Rxe1 28. Qxe1 Bxd3 29. Qe7 Qe4 30. Qd8+ Kf7 31. Qd7+ Kf6 32. Be3 Bc4 33. Bd4+ Kg6 34. h4 gxh3 35. Qxh3 Be2 36. Qd7 Bf3 37. Qg7+ Kh5 38. Qf7+ Kg4 39. Qg7+ Qg6 40. Qxg6+ hxg6 41. Kf1 1/2-1/2

[Event "FRA-ch Accession"]
[Site "Agen"]
[Date "2017.08.19"]
[Round "3"]
[White "Tomasi, Albert"]
[Black "Calistri, Tristan"]
[Result "0-1"]
[WhiteElo "2229"]
[BlackElo "2293"]
[PlyCount "78"]
[EventDate "2017.08.19"]
[EventType "swiss"]
[EventRounds "9"]
[EventCountry "FRA"]
[SourceTitle "EXT 2019"]
[Source "ChessBase"]
[SourceDate "2018.10.10"]
[SourceVersion "1"]
[SourceVersionDate "2018.10.10"]
[SourceQuality "1"]

1. e4 c5 2. Nf3 e6 3. d4 cxd4 4. Nxd4 a6 5. c4 Nf6 6. Nc3 Qc7 7. a3 b6 8. Be3 Bb7 9. f3 d6 10. Be2 Be7 11. 0-0 0-0 12. Rc1 Nbd7 13. b4 Rfc8 14. Qe1 Qd8 15. Qf2 Rab8 16. Na4 Ba8 17. g4 h6 18. Qg3 Ne5 19. h4 Nh7 20. Bf2 Ng6 21. h5 Ngf8 22. Nc3 Nd7 23. f4 e5 24. Nf5 exf4 25. Qxf4 Ng5 26. Nxe7+ Qxe7 27. Kh2 Nf6 28. Rce1 Nfxe4 29. Bd3 Qf6 30. Qxf6 Nxf6 31. Kg3 d5 32. c5 bxc5 33. Bxa6 cxb4 34. Bxc8 Rxc8 35. Nb5 Nfe4+ 36. Kg2 d4 37. Nxd4 Rc3 38. Re3 Nd2+ 39. Kg1 Nh3+ 0-1

[Event "FRA Cup"]
[Site "Asnieres sur Seine"]
[Date "2017.06.25"]
[Round "2.2"]
[White "Demuth, Adrien"]
[Black "Calistri, Tristan"]
[Result "1-0"]
[WhiteElo "2548"]
[BlackElo "2293"]
[PlyCount "82"]
[EventDate "2017.06.24"]
[EventType "team-k.o."]
[EventRounds "2"]
[EventCountry "FRA"]
[SourceTitle "CBM 179 Extra"]
[Source "ChessBase"]
[SourceDate "2017.08.23"]
[SourceVersion "1"]
[SourceVersionDate "2017.08.23"]
[SourceQuality "1"]
[WhiteTeam "Nice Alekhine"]
[BlackTeam "Juvisy"]
[WhiteTeamCountry "FRA"]
[BlackTeamCountry "FRA"]

1. Nf3 Nf6 2. g3 g6 3. b3 Bg7 4. Bb2 d6 5. d4 c5 6. Bg2 cxd4 7. Nxd4 d5 8. c4 dxc4 9. 0-0 0-0 10. Na3 cxb3 11. axb3 Nc6 12. Nxc6 bxc6 13. Nc4 Qxd1 14. Rfxd1 Be6 15. Na5 Bd5 16. Nxc6 Bxg2 17. Kxg2 a6 18. Nxe7+ Kh8 19. Nc6 Rfc8 20. Rdc1 Ne4 21. Bxg7+ Kxg7 22. Nd4 Rxc1 23. Rxc1 Rb8 24. f3 Nd6 25. Rc6 Nb5 26. Nc2 a5 27. Kf2 Kf8 28. Ke1 Ke7 29. Ra6 Nc7 30. Ra7 Kd6 31. Nd4 Rb4 32. e3 Ne6 33. Ra6+ Kd7 34. Nxe6 fxe6 35. Rxa5 Rxb3 36. Ra7+ Kd6 37. Rxh7 Rxe3+ 38. Kf2 Re5 39. h4 Rf5 40. g4 Rf6 41. g5 Kd5 1-0

[Event "FRA-ch Accession"]
[Site "Agen"]
[Date "2016.08.14"]
[Round "2"]
[White "Calistri, Tristan"]
[Black "Le Roux, Jean Pierre"]
[Result "1/2-1/2"]
[WhiteElo "2305"]
[BlackElo "2564"]
[PlyCount "86"]
[EventDate "2016.08.13"]
[EventType "swiss"]
[EventRounds "9"]
[EventCountry "FRA"]
[SourceTitle "EXT 2017"]
[Source "ChessBase"]
[SourceDate "2016.10.25"]
[SourceVersion "1"]
[SourceVersionDate "2016.10.25"]
[SourceQuality "1"]

1. e4 Nf6 2. e5 Nd5 3. d4 d6 4. c4 Nb6 5. exd6 exd6 6. h3 Bf5 7. Nf3 Be7 8. Be2 0-0 9. 0-0 c5 10. Nc3 Bf6 11. Be3 Nc6 12. Rc1 Re8 13. Re1 cxd4 14. Nxd4 Nxd4 15. Bxd4 Bg5 16. Ra1 Bf4 17. Bf3 Rxe1+ 18. Qxe1 Nxc4 19. Bxb7 Rb8 20. Be4 Qg5 21. Bxf5 Qxf5 22. b3 Na3 23. Bxa7 Ra8 24. Rd1 Nc2 25. Qe7 h6 26. Nd5 Bg5 27. Qb7 Re8 28. Qb5 Qc8 29. f4 Bh4 30. Bf2 Bxf2+ 31. Kxf2 Na3 32. Qd3 Qc5+ 33. Qd4 Qc2+ 34. Qd2 Qc5+ 35. Qd4 Qc2+ 36. Qd2 Qc5+ 37. Qd4 Qc2+ 38. Rd2 Qc1 39. Ne3 Nb5 40. Nd5 Na3 41. Rd1 Qd2+ 42. Qxd2 Nc2 43. Kg1 Rb8 1/2-1/2

[Event "Cappelle op 30th"]
[Site "Cappelle la Grande"]
[Date "2014.03.02"]
[Round "2"]
[White "Calistri, Tristan"]
[Black "Durnecker, Laurent"]
[Result "1-0"]
[WhiteElo "2339"]
[BlackElo "2051"]
[PlyCount "55"]
[EventDate "2014.03.01"]
[EventType "swiss"]
[EventRounds "9"]
[EventCountry "FRA"]
[SourceTitle "CBM 159 Extra"]
[Source "ChessBase"]
[SourceDate "2014.04.24"]
[SourceVersion "1"]
[SourceVersionDate "2014.04.24"]
[SourceQuality "1"]

1. e4 c5 2. Nf3 d6 3. d4 cxd4 4. Nxd4 Nf6 5. Nc3 a6 6. f3 e5 7. Nb3 Be6 8. Be3 Be7 9. Qd2 h5 10. Be2 Nbd7 11. Nd5 Nxd5 12. exd5 Bf5 13. Na5 Qc7 14. c4 Bh4+ 15. g3 Bf6 16. Rc1 e4 17. f4 Bxb2 18. Rb1 Ba3 19. Rxb7 Qd8 20. Qc3 Bc5 21. Nc6 Qc8 22. Qxg7 Qxb7 23. Qxh8+ Nf8 24. Bxc5 Qb1+ 25. Bd1 Bg4 26. 0-0 Bxd1 27. Bxd6 Kd7 28. Bxf8 1-0

[Event "Cappelle op 30th"]
[Site "Cappelle la Grande"]
[Date "2014.03.01"]
[Round "1"]
[White "Vovk, Andrey"]
[Black "Calistri, Tristan"]
[Result "1-0"]
[WhiteElo "2605"]
[BlackElo "2339"]
[PlyCount "59"]
[EventDate "2014.03.01"]
[EventType "swiss"]
[EventRounds "9"]
[EventCountry "FRA"]
[SourceTitle "CBM 159 Extra"]
[Source "ChessBase"]
[SourceDate "2014.04.24"]
[SourceVersion "1"]
[SourceVersionDate "2014.04.24"]
[SourceQuality "1"]

1. e4 c5 2. Nf3 e6 3. d4 cxd4 4. Nxd4 a6 5. Nc3 Qc7 6. f4 b5 7. a3 Bb7 8. Bd3 d6 9. Qe2 Nd7 10. Bd2 Ngf6 11. g4 Nb6 12. 0-0-0 0-0-0 13. Be3 Nfd7 14. Nb3 Nc4 15. Bxc4 bxc4 16. Nd4 Nf6 17. Qg2 d5 18. e5 Ne4 19. Nxe4 dxe4 20. Ne2 Be7 21. Qf2 Rxd1+ 22. Rxd1 Rd8 23. Re1 c3 24. Nxc3 Bxa3 25. Kb1 Qc4 26. Qe2 Qb4 27. Bc1 Qd4 28. Rd1 Qc5 29. Rxd8+ Kxd8 30. Qd2+ 1-0

[Event "Juvisy sur Orge"]
[Site "Juvisy sur Orge"]
[Date "2013.03.30"]
[Round "7"]
[White "Cotonnec, Melkior"]
[Black "Calistri, Tristan"]
[Result "1-0"]
[WhiteElo "2397"]
[BlackElo "2342"]
[PlyCount "47"]
[EventDate "2013.03.24"]
[EventType "tourn"]
[EventRounds "9"]
[EventCountry "FRA"]
[EventCategory "5"]
[SourceTitle "CBM 153 Extra"]
[Source "ChessBase"]
[SourceDate "2013.04.22"]
[SourceVersion "1"]
[SourceVersionDate "2013.04.22"]
[SourceQuality "1"]

1. e4 c5 2. Nf3 e6 3. d4 cxd4 4. Nxd4 a6 5. Nc3 Qc7 6. g3 b5 7. Bg2 Bb7 8. 0-0 b4 9. Na4 Nf6 10. Re1 d6 11. a3 bxa3 12. Rxa3 Nbd7 13. Rc3 Qa5 14. b3 Rc8 15. Rxc8+ Bxc8 16. Bd2 Qc7 17. Re3 Bb7 18. Rc3 Qb8 19. Nc6 Qa8 20. e5 d5 21. Na5 Nxe5 22. Rc7 Bc6 23. Nb6 Qb8 24. Rc8+ 1-0